Tous les clubs victimes de Kylian Mbappé - Statistiques

Statistiques générales
  • Ce quiz a été pris 4 833 fois
    252 depuis la dernière actualisation
  • Le résultat moyen est 42 sur 87
Statistiques - réponses
Pays Club % Correct
France Olympique de Marseille 12
94%
Espagne FC Barcelone 12
91%
France Olympique Lyonnais 13
91%
Angleterre Manchester City 7
88%
France AS Monaco 13
87%
Allemagne Bayern Munich 5
87%
Allemagne Borussia Dortmund 5
83%
France LOSC 11
82%
Espagne Atletico Madrid 2
80%
Italie Juventus Turin 4
80%
Italie AC Milan 1
78%
Angleterre Manchester United 1
78%
France OGC Nice 6
78%
France Stade Rennais 10
77%
Angleterre Liverpool 1
77%
France RC Lens 4
76%
France FC Nantes 11
75%
France Stade Brestois 8
73%
Portugal Benfica 3
72%
France RC Strasbourg 8
72%
France Toulouse 6
72%
France AS Saint-Étienne 9
71%
France Girondins de Bordeaux 6
71%
France FC Metz 12
69%
Espagne Real Madrid 3
67%
Espagne FC Séville 3
66%
France Montpellier 15
66%
Turquie Galatasaray 1
65%
Espagne Valence 3
63%
Belgique Club Bruges 5
62%
France FC Lorient 6
62%
France SCO Angers 10
61%
France Le Havre 1
57%
Espagne Real Sociedad 7
57%
France Stade de Reims 7
57%
Ecosse Celtic Glasgow 2
55%
Espagne Villarreal 5
55%
France AJ Auxerre 3
54%
Espagne Athletic Bilbao 3
54%
Espagne Real Betis 2
54%
France SM Caen 7
52%
Allemagne RB Leipzig 1
50%
France En Avant Guingamp 5
48%
Angleterre Newcastle 1
48%
France Clermont 5
46%
France Dijon 12
46%
Grèce Olympiakos 4
46%
Italie Atalanta Bergame 2
45%
Serbie Etoile Rouge de Belgrade 2
45%
France ESTAC Troyes 3
44%
France Nîmes Olympique 7
44%
Autriche Red Bull Salzbourg 1
44%
Belgique Anderlecht 1
43%
Israël Maccabi Haïfa 3
41%
Espagne Girona 2
40%
France AC Ajaccio 4
39%
France Amiens 4
39%
France AS Nancy Lorraine 1
39%
Espagne Getafe 2
36%
France SC Bastia 1
35%
Kazakhstan Kairat Almaty 3
34%
Espagne Celta Vigo 4
33%
Espagne RCD Majorque 1
32%
Espagne Rayo Vallecano 2
31%
Espagne Espanyol Barcelone 2
30%
Espagne Osasuna 2
29%
Espagne Levante 3
24%
Espagne Real Oviedo 2
24%
Espagne Real Valladolid 3
24%
France US Orléans 2
24%
Allemagne VfB Stuttgart 1
24%
Espagne Deportivo Alaves 3
23%
Turquie Istanbul Basaksehir 2
23%
France Le Mans 1
23%
Espagne Las Palmas 2
22%
France Pau FC 1
22%
Mexique Pachuca 1
14%
France Pays de Cassel 5
13%
Espagne CD Leganés 3
12%
France Vannes 3
8%
France US Revel 3
6%
France FC Chambly 1
4%
Espagne CF Talavera 2
2%
France Entente Feignies Aulnoye 2
2%
France GSI Pontivy 1
2%
France Le Pontet 2
0%
France Stade Montois 1
0%
Aucun quiz correspondant
Distribution des résultats
% des personnes avec chaque résultat
Percentile par nombre de réponses
Votre historique - résultats
Vous n’avez pas pris ce quiz depuis la dernière actualisation